A controlling, mint az eredményes szervezet és vezetés hatékony eszköze. A projektcontrolling rendszer bemutatása az ERANDO Biztonságtechnikai Kft-nél.

Bibliográfiai részletek
Szerző: Horváth Attila
További közreműködők: Ilyés Dr. Csaba
Dokumentumtípus: Záródolgozat
Kulcsszavak:controlling
projektcontrolling
Erando
Online Access:http://dolgozattar.uni-bge.hu/16356

MARC

LEADER 00000nta a2200000 i 4500
001 dolg16356
005 20180516092254.0
008 180516suuuu hu o 000 hun d
040 |a BGE Dolgozattár Repozitórium  |b hun 
041 |a hu 
100 1 |a Horváth Attila 
245 1 2 |a A controlling, mint az eredményes szervezet és vezetés hatékony eszköze. A projektcontrolling rendszer bemutatása az ERANDO Biztonságtechnikai Kft-nél.  |c Horváth Attila  |h [elektronikus dokumentum] 
516 |a Final_paper 
695 |a controlling 
695 |a projektcontrolling 
695 |a Erando 
700 1 |a Ilyés Dr. Csaba  |e ths 
856 4 0 |u http://dolgozattar.uni-bge.hu/16356/1/Szakdolgozat_BGE_20180517.pdf  |z Dokumentum-elérés 
856 4 0 |u http://dolgozattar.uni-bge.hu/16356/2/Nyilatkozat-sajat-munkarol_BGE.pdf  |z Dokumentum-elérés